<?xml version="1.0" encoding="UTF-8"?>
<record
    xmlns:xsi="http://www.w3.org/2001/XMLSchema-instance"
    xsi:schemaLocation="http://www.loc.gov/MARC21/slim http://www.loc.gov/standards/marcxml/schema/MARC21slim.xsd"
    xmlns="http://www.loc.gov/MARC21/slim">

  <leader>00679nam a22001577a 4500</leader>
  <controlfield tag="003">OSt</controlfield>
  <controlfield tag="005">20151008172408.0</controlfield>
  <controlfield tag="008">151008b        xxu||||| |||| 00| 0 eng d</controlfield>
  <datafield tag="040" ind1=" " ind2=" ">
    <subfield code="c">RUA </subfield>
  </datafield>
  <datafield tag="082" ind1=" " ind2=" ">
    <subfield code="a">AVM HEA 2008 B083 Or.1</subfield>
  </datafield>
  <datafield tag="100" ind1=" " ind2=" ">
    <subfield code="9">2406</subfield>
    <subfield code="a">HEAN, VANNAK.</subfield>
  </datafield>
  <datafield tag="245" ind1=" " ind2=" ">
    <subfield code="a">Survey on small scale pig raising in samkimeanchey district kompong chhnang province, &#x1780;&#x17B6;&#x179A;&#x17A2;&#x1784;&#x17D2;&#x1780;&#x17C1;&#x178F;&#x179B;&#x17BE;&#x1780;&#x17B6;&#x179A;&#x1785;&#x17B7;&#x1789;&#x17D2;&#x1785;&#x17B9;&#x1798;&#x1787;&#x17D2;&#x179A;&#x17BC;&#x1780;&#x1787;&#x17B6;&#x179B;&#x1780;&#x17D2;&#x1781;&#x178E;&#x17C8;&#x1782;&#x17D2;&#x179A;&#x17BC;&#x179F;&#x17B6;&#x179A;&#x1793;&#x17C5;&#x179F;&#x17D2;&#x179A;&#x17BB;&#x1780;&#x179F;&#x17B6;&#x1798;&#x1782;&#x17D2;&#x1782;&#x17B8;&#x1798;&#x17B6;&#x1793;&#x1787;&#x17D0;&#x1799; &#x1781;&#x17C1;&#x178F;&#x17D2;&#x178F;&#x1780;&#x17C6;&#x1796;&#x1784;&#x17CB;&#x1786;&#x17D2;&#x1793;&#x17B6;&#x17C6;&#x1784;</subfield>
  </datafield>
  <datafield tag="260" ind1=" " ind2=" ">
    <subfield code="a">Phnom Penh</subfield>
    <subfield code="b">RUA</subfield>
    <subfield code="c">2008</subfield>
  </datafield>
  <datafield tag="300" ind1=" " ind2=" ">
    <subfield code="a">44p.</subfield>
    <subfield code="b">ill.</subfield>
    <subfield code="c">29cm.</subfield>
  </datafield>
  <datafield tag="942" ind1=" " ind2=" ">
    <subfield code="2">ddc</subfield>
    <subfield code="c">AVM</subfield>
  </datafield>
  <datafield tag="999" ind1=" " ind2=" ">
    <subfield code="c">2266</subfield>
    <subfield code="d">2266</subfield>
  </datafield>
  <datafield tag="952" ind1=" " ind2=" ">
    <subfield code="0">0</subfield>
    <subfield code="1">0</subfield>
    <subfield code="2">ddc</subfield>
    <subfield code="4">0</subfield>
    <subfield code="6">AVM_HEA_2008_000000000000000_B083_OR_1</subfield>
    <subfield code="7">0</subfield>
    <subfield code="9">9525</subfield>
    <subfield code="a">LBB</subfield>
    <subfield code="b">LBB</subfield>
    <subfield code="c">B083</subfield>
    <subfield code="d">2015-10-08</subfield>
    <subfield code="o">AVM HEA 2008 B083 Or.1</subfield>
    <subfield code="p">RUA008397</subfield>
    <subfield code="r">2015-10-08</subfield>
    <subfield code="w">2015-10-08</subfield>
    <subfield code="y">AVM</subfield>
  </datafield>
  <datafield tag="952" ind1=" " ind2=" ">
    <subfield code="0">0</subfield>
    <subfield code="1">0</subfield>
    <subfield code="2">ddc</subfield>
    <subfield code="4">0</subfield>
    <subfield code="6">AVM_HEA_2008_000000000000000_B083_OR_2</subfield>
    <subfield code="7">0</subfield>
    <subfield code="9">9526</subfield>
    <subfield code="a">LBB</subfield>
    <subfield code="b">LBB</subfield>
    <subfield code="c">B083</subfield>
    <subfield code="d">2015-10-08</subfield>
    <subfield code="o">AVM HEA 2008 B083 Or.2</subfield>
    <subfield code="p">RUA008541</subfield>
    <subfield code="r">2015-10-08</subfield>
    <subfield code="w">2015-10-08</subfield>
    <subfield code="y">AVM</subfield>
  </datafield>
  <datafield tag="952" ind1=" " ind2=" ">
    <subfield code="0">0</subfield>
    <subfield code="1">0</subfield>
    <subfield code="2">ddc</subfield>
    <subfield code="4">0</subfield>
    <subfield code="6">AVM_HEA_2008_000000000000000_B083_OR_3</subfield>
    <subfield code="7">0</subfield>
    <subfield code="9">9527</subfield>
    <subfield code="a">LBB</subfield>
    <subfield code="b">LBB</subfield>
    <subfield code="c">B083</subfield>
    <subfield code="d">2015-10-08</subfield>
    <subfield code="o">AVM HEA 2008 B083 Or.3</subfield>
    <subfield code="p">RUA008469</subfield>
    <subfield code="r">2015-10-08</subfield>
    <subfield code="w">2015-10-08</subfield>
    <subfield code="y">AVM</subfield>
  </datafield>
  <datafield tag="952" ind1=" " ind2=" ">
    <subfield code="0">0</subfield>
    <subfield code="1">0</subfield>
    <subfield code="2">ddc</subfield>
    <subfield code="4">0</subfield>
    <subfield code="6">AVM_HEA_2008_000000000000000_B083_OR_4</subfield>
    <subfield code="7">0</subfield>
    <subfield code="9">9528</subfield>
    <subfield code="a">LBB</subfield>
    <subfield code="b">LBB</subfield>
    <subfield code="c">B083</subfield>
    <subfield code="d">2015-10-08</subfield>
    <subfield code="o">AVM HEA 2008 B083 Or.4</subfield>
    <subfield code="p">RUA008997</subfield>
    <subfield code="r">2015-10-08</subfield>
    <subfield code="w">2015-10-08</subfield>
    <subfield code="y">AVM</subfield>
  </datafield>
  <datafield tag="952" ind1=" " ind2=" ">
    <subfield code="0">0</subfield>
    <subfield code="1">0</subfield>
    <subfield code="2">ddc</subfield>
    <subfield code="4">0</subfield>
    <subfield code="6">AVM_HEA_2008_000000000000000_B083_OR_5</subfield>
    <subfield code="7">0</subfield>
    <subfield code="9">9529</subfield>
    <subfield code="a">LBB</subfield>
    <subfield code="b">LBB</subfield>
    <subfield code="c">B083</subfield>
    <subfield code="d">2015-10-08</subfield>
    <subfield code="l">1</subfield>
    <subfield code="o">AVM HEA 2008 B083 Or.5</subfield>
    <subfield code="p">RUA008694</subfield>
    <subfield code="r">2019-02-01</subfield>
    <subfield code="s">2018-12-25</subfield>
    <subfield code="w">2015-10-08</subfield>
    <subfield code="y">AVM</subfield>
  </datafield>
  <datafield tag="952" ind1=" " ind2=" ">
    <subfield code="0">0</subfield>
    <subfield code="1">0</subfield>
    <subfield code="2">ddc</subfield>
    <subfield code="4">0</subfield>
    <subfield code="6">AVM_HEA_2008_000000000000000_B083_OR_6</subfield>
    <subfield code="7">0</subfield>
    <subfield code="9">9530</subfield>
    <subfield code="a">LBB</subfield>
    <subfield code="b">LBB</subfield>
    <subfield code="c">B083</subfield>
    <subfield code="d">2015-10-08</subfield>
    <subfield code="o">AVM HEA 2008 B083 Or.6</subfield>
    <subfield code="p">RUA008980</subfield>
    <subfield code="r">2015-10-08</subfield>
    <subfield code="w">2015-10-08</subfield>
    <subfield code="y">AVM</subfield>
  </datafield>
  <datafield tag="952" ind1=" " ind2=" ">
    <subfield code="0">0</subfield>
    <subfield code="1">0</subfield>
    <subfield code="2">ddc</subfield>
    <subfield code="4">0</subfield>
    <subfield code="6">AVM_HEA_2008_000000000000000_B083_OR_7</subfield>
    <subfield code="7">0</subfield>
    <subfield code="9">9531</subfield>
    <subfield code="a">LBB</subfield>
    <subfield code="b">LBB</subfield>
    <subfield code="c">B083</subfield>
    <subfield code="d">2015-10-08</subfield>
    <subfield code="o">AVM HEA 2008 B083 Or.7</subfield>
    <subfield code="p">RUA009298</subfield>
    <subfield code="r">2015-10-08</subfield>
    <subfield code="w">2015-10-08</subfield>
    <subfield code="y">AVM</subfield>
  </datafield>
  <datafield tag="952" ind1=" " ind2=" ">
    <subfield code="0">0</subfield>
    <subfield code="1">0</subfield>
    <subfield code="2">ddc</subfield>
    <subfield code="4">0</subfield>
    <subfield code="6">AVM_HEA_2008_000000000000000_B083_OR_8</subfield>
    <subfield code="7">0</subfield>
    <subfield code="9">9532</subfield>
    <subfield code="a">LBB</subfield>
    <subfield code="b">LBB</subfield>
    <subfield code="c">B083</subfield>
    <subfield code="d">2015-10-08</subfield>
    <subfield code="o">AVM HEA 2008 B083 Or.8</subfield>
    <subfield code="p">RUA015070</subfield>
    <subfield code="r">2015-10-08</subfield>
    <subfield code="w">2015-10-08</subfield>
    <subfield code="y">AVM</subfield>
  </datafield>
</record>
